000 00663nam a2200205 i 4500
001 94517
003 ES-MaACL
005 20230906181510.0
007 t|
008 050506s1956 ve ||||1| spa d
100 1 _aLoreto, Luis.
_974203
245 1 0 _aEstudios de Derecho Procesal Civil /
_cLuis Loreto.
260 _aCaracas :
_bUniversidad Central de Venezuela. Facultad de Derecho,
_c1956.
300 _a336 p. ;
_c23 cm.
490 1 _aSucesión de publicaciones ;
_vXIII
710 2 _aUniversidad Central de Venezuela.
_97083
830 0 _aSucesión de publicaciones ;
_vXIII
_9232148
852 _aES-MaACL
_jC-11734
_bR.39669
999 _c94517
_d94517